Arzthaftungsrecht: die zivilrechtliche Verantwortung des Arztes in rechtsvergleichender Sicht = Medical malpractice law
| Autor principal: | |
|---|---|
| Tipo de documento: | Print Libro |
| Lenguaje: | Alemán Inglés |
| Publicado: |
Bielefeld
Gieseking-Verl.
1981
|
| En: |
Industriegesellschaft und Recht (15)
Año: 1981 |
| Acceso en línea: |
Índice Índice |
| Disponibilidad en Tübingen: | Disponible en Tübingen. IFK: G VI 102 |
| Verificar disponibilidad: | HBZ Gateway |
| Servicio de pedido Subito: | Pedir ahora. |
| Palabras clave: |
MARC
| LEADER | 00000cam a2200000 c 4500 | ||
|---|---|---|---|
| 001 | 023816104 | ||
| 003 | DE-627 | ||
| 005 | 20260206200020.0 | ||
| 007 | tu | ||
| 008 | 710101s1981 gw ||||| 00| ||ger c | ||
| 015 | |a 81,N19,0050 |2 dnb | ||
| 015 | |a 81,A34,0172 |2 dnb | ||
| 016 | 7 | |a 810398680 |2 DE-101 | |
| 020 | |a 3769404157 |9 3-7694-0415-7 | ||
| 035 | |a (DE-627)023816104 | ||
| 035 | |a (DE-603)027911365 | ||
| 035 | |a (DE-576)033767122 | ||
| 035 | |a (DE-599)GBV023816104 | ||
| 035 | |a (OCoLC)7945631 | ||
| 035 | |a (OCoLC)311896783 | ||
| 035 | |a (DE-604)8010153314 | ||
| 040 | |a DE-627 |b ger |c DE-627 |e rakwb | ||
| 041 | |a ger |a eng | ||
| 044 | |c XA-DE | ||
| 082 | 0 | |a 346.03/32 |q OCLC | |
| 082 | 0 | |a 342.6332 |q OCLC | |
| 082 | 0 | |a 346.0332 |a 342.6332 |2 DDC19oclc | |
| 084 | |a 04a |2 sdnb | ||
| 084 | |a 2 |2 ssgn | ||
| 084 | |a PJ 2740 |2 rvk |0 (DE-625)rvk/136685: | ||
| 084 | |a PJ 3160 |2 rvk |0 (DE-625)rvk/136712: | ||
| 084 | |a PU 1532 |2 rvk |0 (DE-625)rvk/139918: | ||
| 084 | |a 86.20 |2 bkl | ||
| 084 | |a 86.56 |2 bkl | ||
| 100 | 1 | |a Giesen, Dieter |d 1936-1997 |0 (DE-588)14193249X |0 (DE-627)632531037 |0 (DE-576)326904840 |4 aut | |
| 109 | |a Giesen, Dieter 1936-1997 | ||
| 245 | 1 | 0 | |a Arzthaftungsrecht |b die zivilrechtliche Verantwortung des Arztes in rechtsvergleichender Sicht = Medical malpractice law |c von Dieter Giesen |
| 246 | 3 | 1 | |a Medical malpractice law |
| 246 | 3 | 3 | |a Medical malpractice law |
| 264 | 1 | |a Bielefeld |b Gieseking-Verl. |c 1981 | |
| 300 | |a LVII, 514 S. | ||
| 336 | |a Text |b txt |2 rdacontent | ||
| 337 | |a ohne Hilfsmittel zu benutzen |b n |2 rdamedia | ||
| 338 | |a Band |b nc |2 rdacarrier | ||
| 490 | 1 | |a Industriegesellschaft und Recht |v 15 | |
| 500 | |a Literaturverz. S. XIX - XXII | ||
| 546 | |a Text dt. und engl. | ||
| 583 | 1 | |a Archivierung/Langzeitarchivierung gewährleistet |c 20250619 |f FID |f DE-2298 |x XA-DE-NI |z FID Pharmazie |2 pdager |5 DE-84 | |
| 650 | 0 | |a Legislation, Medical |x Germany, West | |
| 650 | 0 | |a Malpractice |x Legislation | |
| 650 | 0 | 7 | |0 (DE-588)4115712-6 |0 (DE-627)104262664 |0 (DE-576)209495464 |a Rechtsvergleich |2 gnd |
| 650 | 0 | 7 | |0 (DE-588)4022898-8 |0 (DE-627)106306553 |0 (DE-576)208946306 |a Haftung |2 gnd |
| 650 | 0 | 7 | |0 (DE-588)4003157-3 |0 (DE-627)104544988 |0 (DE-576)208850414 |a Arzt |2 gnd |
| 650 | 4 | |a Arzthaftpflicht / Rechtsvergleichung | |
| 689 | 0 | 0 | |d s |0 (DE-588)7864471-9 |0 (DE-627)700634533 |0 (DE-576)363226664 |a Arzthaftung |2 gnd |
| 689 | 0 | 1 | |d s |0 (DE-588)4115712-6 |0 (DE-627)104262664 |0 (DE-576)209495464 |a Rechtsvergleich |2 gnd |
| 689 | 0 | |5 (DE-627) | |
| 830 | 0 | |a Industriegesellschaft und Recht |v 15 |9 15 |w (DE-627)129426679 |w (DE-576)004518136 |w (DE-600)191676-2 |7 am | |
| 856 | 4 | 2 | |u https://swbplus.bsz-bw.de/bsz033767122inh.htm |m V:DE-576 |v 2008-04-30 |3 Inhaltsverzeichnis |7 1 |
| 856 | 4 | 2 | |u http://scans.hebis.de/HEBCGI/show.pl?02791136_toc.pdf |m V:DE-576 |q application/pdf |3 Inhaltsverzeichnis |7 1 |
| 889 | |w (DE-627)440699924 | ||
| 935 | |i Blocktest | ||
| 935 | |h HEB |i 0501 | ||
| 935 | |h HEB |i 0503 | ||
| 936 | r | v | |a PJ 2740 |b Arzthaftung |k Rechtswissenschaft |k Medizinrecht (Biorecht, Recht des Gesundheitswesens, Arzneimittel- und Medizinproduktrecht, Medizinstrafrecht, Apothekenrecht) |k Recht des Gesundheitswesens |k Haftungsrecht |k Arzthaftung |0 (DE-627)144756149X |0 (DE-625)rvk/136685: |0 (DE-576)377561495 |
| 936 | r | v | |a PJ 3160 |b Vergleichendes Schrifttum, das sich auf mehrere Länder bezieht |k Rechtswissenschaft |k Medizinrecht (Biorecht, Recht des Gesundheitswesens, Arzneimittel- und Medizinproduktrecht, Medizinstrafrecht, Apothekenrecht) |k Internationales und rechtsvergleichendes Medizinrecht (Biorecht, Recht des Gesundheitswesen, Arzneimittel- und Medizinprodukterecht, Medizinstrafrecht, Apothekenrecht) |k Vergleichendes Schrifttum, das sich auf mehrere Länder bezieht |0 (DE-627)144822831X |0 (DE-625)rvk/136712: |0 (DE-576)378228315 |
| 936 | r | v | |a PU 1532 |b Schuldrecht |k Rechtswissenschaft |k Ausländisches Privatrecht, Privatrechtsvergleichung und -vereinheitlichung |k Allgemeines |k Schuldrecht |0 (DE-627)1271159600 |0 (DE-625)rvk/139918: |0 (DE-576)201159600 |
| 936 | r | u | |a PD 4720 |b Arztvertrag, auch Arzthaftung |k Rechtswissenschaft |k Bürgerliches Recht, Privatrecht allgemein |k Besondere Schuldverhältnisse |k Sonstige Schuldverhältnisse |k Arztvertrag, auch Arzthaftung |0 (DE-627)127117443X |0 (DE-576)20117443X |z Ungueltig |
| 936 | b | k | |a 86.20 |j Schuldrecht |0 (DE-627)106422545 |
| 936 | b | k | |a 86.56 |j Gesundheitsrecht |j Lebensmittelrecht |0 (DE-627)106416995 |
| 936 | s | n | |a p100 |2 mzub |
| 951 | |a BO | ||
| ELC | |b 1 | ||
| LOK | |0 000 xxxxxcx a22 zn 4500 | ||
| LOK | |0 001 3183647885 | ||
| LOK | |0 003 DE-627 | ||
| LOK | |0 004 023816104 | ||
| LOK | |0 005 20151116135221 | ||
| LOK | |0 008 150728||||||||||||||||ger||||||| | ||
| LOK | |0 035 |a (DE-21-110)kd45702 | ||
| LOK | |0 040 |a DE-21-110 |c DE-627 |d DE-21-110 | ||
| LOK | |0 852 |a DE-21-110 | ||
| LOK | |0 852 1 |c G VI 102 |m p |9 00 | ||
| LOK | |0 935 |a k110 | ||
| LOK | |0 938 |k p | ||
| LOK | |0 939 |a 28-07-15 |b l01 | ||
| ORI | |a SA-MARC-krimdoka001.raw | ||
| SIG | |a IFK: G VI 102 | ||
